Entrada Nombre personal
Número de registros utilizados en: 60
001 - NÚMERO DE CONTROL
003 - IDENTIFICADOR DEL NÚMERO DE CONTROL
- campo de control:
DR-UNIBE
005 - FECHA Y HORA DE LA ÚLTIMA TRANSACCIÓN
- campo de control:
20260422153005.0
008 - DATOS DE LONGITUD FIJA
- campo de control de longitud fija:
250917|| aca||aabn | a|a d
040 ## - FUENTE DE LA CATALOGACIÓN
- Centro catalogador/agencia de origen:
DR-UNIBE
- Centro/agencia transcriptor:
DR-UNIBE
100 ## - ENCABEZAMIENTO-NOMBRE DE PERSONA
- Nombre de persona:
Moya Pons, Frank,
- Forma completa/desarrollada del nombre:
(Moya Pons, Rafael Francisco),
- Fechas asociadas al nombre:
1944-
670 ## - FUENTE DE DATOS ENCONTRADOS
- Cita de la fuente:
Work cat.: (DR-UNIBE)48983: Moya Pons, Frank, (Moya Pons, Rafael Francisco), 1944-, Historia del Caribe /, 2001